India's newspaper revolution : capitalism, politics and the Indian-language press (Record no. 214078)

MARC details
000 -LEADER
fixed length control field 00653nam a2200217Ia 4500
008 - FIXED-LENGTH DATA ELEMENTS--GENERAL INFORMATION
fixed length control field 191130s2000##################000#0#eng##
020 ## - INTERNATIONAL STANDARD BOOK NUMBER
ISBN 9780198065463
082 ## - DEWEY DECIMAL CLASSIFICATION NUMBER
Classification number 302.232 JEF
100 ## - MAIN ENTRY--AUTHOR NAME
Personal name Jeffrey, Robin
245 ## - TITLE STATEMENT
Title India's newspaper revolution : capitalism, politics and the Indian-language press
Statement of responsibility, etc Robin jeffrey
260 ## - PUBLICATION, DISTRIBUTION, ETC. (IMPRINT)
Place of publication Oxford
Name of publisher Oxford University Press
Year of publication 2000
300 ## - PHYSICAL DESCRIPTION
Number of Pages xlv., 273p ;ill ;23cm
500 ## - GENERAL NOTE
General note Includes bibliographical references
650 ## - SUBJECT ADDED ENTRY--TOPICAL TERM
Topical Term India
Topical Term Indic newspapers
Topical Term Press
991 ## -
-- 224791
Holdings
Withdrawn status Lost status Damaged status Not for loan Home library Current library Shelving location Date acquired Full call number Accession Number Price effective from Koha item type
        Anna Centenary Library Anna Centenary Library 3RD FLOOR, B WING 13.10.2020 302.232 JEF 110316 13.10.2020 Books

Find us on the map